| 000 | 00585 a2200229 4500 | ||
|---|---|---|---|
| 005 | 20260318090601.0 | ||
| 008 | 260317b |||||||| |||| 00| 0 eng d | ||
| 020 |
_a9780367241278 _cRs. 3495.00 |
||
| 040 | _aMAIN | ||
| 082 |
_a658.155 _bP939R(5) |
||
| 100 | _aPritchard, Carl L | ||
| 110 | _a | ||
| 245 | _aRisk management: Concepts and guidance | ||
| 250 | _a5th | ||
| 260 |
_bCRC Press _c2025 _aBoca Raton |
||
| 300 | _axxxi, 442 | ||
| 650 | _aManagement | ||
| 650 | _aGeneral Management | ||
| 650 | _aFinancial Management | ||
| 650 | _aRisk Management | ||
| 942 | _cBK | ||
| 999 |
_c396886 _d396886 |
||